Suomalaiset jääkiekkoilijat kuvavisa - Statistics

Yleistilastot
  • Tätä visaa on pelattu 273 kertaa
  • Keskiarvotulos 30 / 39
Vastaustilastot
Kuvavisa Vastaus % Oikein
Marko Anttila
95%
Jesse Puljujärvi
94%
Mikael Granlund
94%
Aleksander Barkov
92%
Sebastian Aho
92%
Teemu Selänne
92%
Valtteri Filppula
92%
Patrik Laine
91%
Miro Heiskanen
88%
Juuse Saros
87%
Kaapo Kakko
87%
Olli Jokinen
87%
Mikko Rantanen
86%
Teuvo Teräväinen
86%
Jari Kurri
85%
Tuukka Rask
85%
Leo Komarov
81%
Siim Liivik
78%
Esa Lindell
77%
Saku Koivu
76%
Jere Lehtinen
75%
Mikko Koivu
74%
Rasmus Ristolainen
74%
Erik Haula
73%
Pekka Rinne
72%
Kevin Lankinen
70%
Veli-Matti Savinainen
70%
Ville Peltonen
70%
Olli Määttä
69%
Eetu Luostarinen
68%
Joonas Donskoi
65%
Sami Vatanen
65%
Timo Jutila
65%
Joel Kiviranta
60%
Jussi Jokinen
59%
Atte Ohtamaa
57%
Eeli Tolvanen
54%
Tuomo Ruutu
46%
Juuso Hietanen
30%
Ehtoja vastaavia visoja ei löytynyt
Tulosjakauma
Jokaisen tuloksen saaneiden osuus
Persentiili vastausten määrän mukaan
Tuloshistoriasi
Et ole pelannut tätä visaa